=LDR 00000nam 2200000 4500 =001 NUTBA000000000003266 =005 20140812112852.0 =006 =007 =008 =020 ##$$a 978-978-756-021-8 =035 ##$$a 0010-081400000000110 =040 ##$$a NBPDMAT =082 ##$$a 372.3 =090 ##$$a 372.3 $b Ala a =100 ##$$a Alanna Fardianan =245 ##$$a Ayo mengukur kelayuan / $c Alanna Fardianan ; editor, Dewi S =260 ##$$a Surabaya : $b Graha Ilmu Mulia, $c 2011 =300 ##$$a iv, 52 hlm. : $b ilus. ; $c 25 cm. =650 ##$$a Pendidikan dasar-sains =990 ##$$a 21404117 =990 ##$$a 0001/BPAP-NTB/20142014 =990 ##$$a 0001/BPAP-NTB/20142014 =990 ##$$a 0001/BPAP-NTB/20142014 =990 ##$$a 0001/BPAP-NTB/20142014 =990 ##$$a 0001/BPAP-NTB/20142014 =990 ##$$a 0001/BPAP-NTB/20142014